| 000 | 01616cam a22001934a 4500 | ||
|---|---|---|---|
| 005 | 20250605164106.0 | ||
| 008 | 250528s ||||||||||||||||||||||||d | ||
| 035 | _a17753 | ||
| 020 | _a9781284104325 | ||
| 040 |
_aGR-AtMCL _bgre _dGR-AtMCL _eAACR2 |
||
| 245 | 1 | _aGuide to Evidence-Based Physical Therapist Practice | |
| 260 |
_bJones And Bartlett Learning, _c2018 |
||
| 300 | _a476 | ||
| 520 | _aThis book teaches the knowledge and skills to evaluate medical evidence and apply it to the practice of physical therapy. Preface, Acknowledgements, Principles of Evidence-Based Physical Therapist Practice, Evidence-Based Physical Therapist Practice, What is Evidence?, The Quest for Evidence: Getting Started, Elements of Evidence, Questions and Theories and Hypotheses, Research Design, Research Subjects, Variables and Their Measurement, Validity in Research Findings, Unraveling Statistical Mysteries: Description, Unraveling Statistical Mysteries: Inference, Appraising the Evidence, Appraising Evidence about Diagnostic Tests and Clinical Measures, Appraising Evidence about prognostic (Risk) Factors, Appraising Evidence about Interventions, Appraising Evidence about Clinical Prediction Rules, Appraising Outcomes Research, Appraising Evidence about Self-Report Outcomes Measures, Appraising Collections of Evidence: Systematic Reviews, Appraising Collections of Evidence: Clinical Practice Guidelines, Appraising Qualitative Research Studies, Evidence in Practice, Patient or Client Preferences and Values, Index | ||
| 700 | 1 |
_aJewell Dianne V _93958 |
|
| 942 | _cBK | ||
| 999 |
_c3154 _d3154 |
||